Prototipo de escuela unidocente para Costa Rica
Spremljeno u:
| Glavni autor: | |
|---|---|
| Daljnji autori: | |
| Format: | Nepoznato |
| Jezik: | Spanish |
| Izdano: |
[San José,Costa Rica]
2014
|
| Teme: | |
| Oznake: |
Dodaj oznaku
Bez oznaka, Budi prvi tko označuje ovaj zapis!
|
MARC
| LEADER | 00000 a2200000 4500 | ||
|---|---|---|---|
| 003 | EA0111 | ||
| 005 | 20230223075603.0 | ||
| 008 | 140114s2014 cr a 000 ||spa d | ||
| 040 | |c cru CEDI | ||
| 090 | |a TFG EA-111 | ||
| 100 | |a Ortiz Cabezas, Alejandro |9 20177 | ||
| 245 | |a Prototipo de escuela unidocente para Costa Rica | ||
| 260 | |a [San José,Costa Rica] |c 2014 | ||
| 500 | |a Tesis (licenciatura en arquitectura)--Universidad de Costa Rica. Facultad de Ingeniera̕. Escuela de Arquitectura | ||
| 501 | |a Director de Tesis de Graduación: Dr Arq. Jos Ěnrique Garnier Zamora | ||
| 650 | |x ESCUELA DE MAESTRO UNICO - ARQUITECTURA - DISEÑOS Y PLANOS - COSTA RICA |x ESCUELA DE MAESTRO UNICO - COSTA RICA |x CONSTRUCCIONES ESCOLARES - DISEÑO - COSTA RICA |x ARQUITECTURA TROPICAL - DISEÑOS Y PLANOS - COSTA RICA |x DISEÑO ARQUITECTONICO - COSTA RICA |9 20178 | ||
| 700 | |9 72 |a Garnier Zamora, José Enrique, 1957- |d Director del TFG | ||
| 942 | |c CEDI | ||
| 999 | |c 12751 |d 12751 | ||
